000 00303nam a22001337a 4500
008 181002b xxu||||| |||| 00| 0 eng d
020 _a9780023883132
041 _aeng
080 _24th
_a371
100 _a25
101 _aEDU
245 _aThrough the Eyes of a Child
_cNorton,D.E
942 _2udc
_cBK
999 _c48776
_d48776